01766cam a2200253 a 450000100100000000500170001000800410002702000150006804000250008308200190010824502380012726000990036530000210046450400730048550400380055850506700059660000630126665100310132965100370136070000300139770000270142770000300145470000280148400000906920200929161459.0970829s1996 mx 001 e spa d a9681903064 aDO-SdBNPcTFWdBNPHU aA860.44bV831c00aVisiones cortazarianas :bhistoria, política y literatura hacia el fin del milenio /cGabriel García Márquez...[et al] ; prólogo, Carlos Fuentes, cuidado de la edición, Enrique Mercado, Freja I. Cervantes, Guadalupe Tolosa. aMéxico, D. F. :bCatedra lationoamericana Julio Cortázar ;bNuevo siglo ;bAguilar,c1996. a148 p. ;c22 cm. aIncluye referencias bibliográficas y notas al pie de las páginas aIncluye bibliografía (p. 78-81) aPresentación / Raúl Padilla -- Prólogo / Carlos Fuentes -- Lección inaugural / Gabriel García Márquez -- Contradicciones al interior del nuevo orden mundial, una visión cortazariana / César Gaviria -- Julio Cortázar: gran cosmoargentino / Steven Boldy -- Ambigüedad de la identidad, fluctuación de la nación, avatares de lo mexicano a través de los siglos / Jacques Lafaye -- Entre Maastrich y Sarajevo / Pierre Schori -- Soberanía para qué? La evolución histórica de un concepto en México / Lorenzo Meyer -- Mito, historia y ficción / Tomás Eloy Martínez -- La reforma constitucional argentina de 1994 / Raúl Alfonsín.14aCORTÁZAR, JULIOd1914-1984xCRÍTICA E INTERPRETACIÓN 4aAmérica LatinaxHistoria 4aArgentinaxPolítica Y Gobierno1 aFuentes, Carlos,epról.1 aMercado, Enrique,eed.1 aCervantes, Freja I.,eed.1 aTolosa, Guadalupe,eed.